000 00825nac a22002537a 4500
001 BR9803889
003 BR-BrBNA
005 20240105122036.0
008 230509b bl.|||m| |||| 00| 0 por d
040 _aBR-BrBNA
_bpor
_cBiblioteca Nacional de Agricultura
072 _aH20
090 _a0120 BR9803889
100 1 _aAthayde Sobrinho, C.
100 1 _aCardoso, M.J.
110 1 _aCentro de Pesquisa Agropecuaria do Meio Norte, Teresina, PI (Brasil)
245 1 _aMancha-de-curvularia na cultura do milho
260 3 _aTeresina, PI (Brasil):
_c1997.
300 _a2 p.
490 _aComunicado Tecnico - Centro de Pesquisa Agropecuaria do Meio Norte (Brazil)
_vno. 70
_xISSN 0104-7647
650 _aMilho
650 _aMancha do Grao
909 _a202312
_bLúcia Elande
_c55
_dLúcia Elande
942 _2AGRIS
_n0
_cMS
999 _c288886
_d288886